000 00359nam a2200145 a 4500
005 20140414131901.0
008 100902s19uu xx 00 eng d
020 _a
050 _aFIC
_bB78 2004
100 _aBronte, Charlotte
245 _aJane Eyre.
260 _aElgin, IL :
_bNew Dawn Press,
_c2004.
440 _aIllustrated classics
999 _c110649
_d110649